Trivial Pursuit-Tous les thèmes des questions - Statistiques

Statistiques générales
  • Ce quiz a été pris 21 fois
  • Le résultat moyen est 123 sur 438
Statistiques - réponses
Jeu Thèmes des questions % Correct
Années 2000 | Auvergne | Belgique, pays de la bière | +24 others Géographie
79%
Années 2000 | Auvergne | Belgique, pays de la bière | +26 others Histoire
79%
Baby Boomer | DVD | Humour Cinéma
74%
Genus 2ème édition Sport et loisir
58%
Génus 1ère édition | Remue-Méninges Sports et Loisirs
58%
Années 2000 | Auvergne | Casual | +23 others Sports et loisirs
58%
Classique édition 2016 | Edition famille 2017 | Famille | +5 others Divertissement
53%
Années 2000 | Astérix chez Rahazade | Auvergne | +23 others Divertissements
53%
Remue-Méninges Art et Littérature
47%
Années 2000 | Casual | Classic Edition | +13 others Art et littérature
47%
Astérix chez Rahazade | Classique édition 2016 | Edition famille 2017 | +10 others Arts et littérature
47%
DVD | Love Musique
47%
DVD Télévision
47%
Remue-Méninges Science et Nature
37%
Famille 2012 | Gastronomie | Master | +4 others Science et nature
37%
Casual | Classique édition 2016 | Edition famille 2017 | +11 others Sciences et nature
37%
Génus 1ère édition Art et Littérature
32%
Auvergne | Genus 3ème édition Art et littérature
32%
Humour Chanson
32%
Décennie 2010-2020 #Culture
32%
Baby Boomer Politique
32%
Classic Edition | Gastronomie en France | Genus XXIème siècle Sciences & nature
32%
Millenium Planète
26%
Genus XXIème siècle Sports & loisirs
26%
Sciences & Vie Animaux
21%
Cinéma en France Années 80
21%
Génus 1ère édition Science et Nature
21%
Auvergne | Languedoc-Roussillon Science et nature
21%
Harry Potter volume 1 | Harry Potter volume 2 Sortilèges et potions magiques
21%
Astérix chez Rahazade Sports, Loisirs et Gastronomie
21%
TV (I et II) Studio
21%
Harry Potter volume 1 | Harry Potter volume 2 Animaux & créatures magiques
16%
Harry Potter édition ultimate Animaux et créatures magiques
16%
Cinéma en France Années 2000
16%
Cinéma en France Années 90
16%
Disney Bambi
16%
Disney Blanche-Neige
16%
Nos années 1980 | Nos années 90 Célébrités
16%
Horreur Comédie
16%
Disney Géo Trouvetou
16%
Sport en France Jeux olympiques
16%
Disney 1999 | Disney 2005 | Walt Disney | Walt Disney DVD Les méchants
16%
Culture et communication | Humour Médias
16%
Disney Mickey
16%
Junior | Junior 1993 | Junior 2ème édition Passé et présent
16%
DVD People
16%
Culture et communication Pub
16%
Junior 1993 | Junior 2ème édition Spectacle
16%
Passeport pour le monde Afrique
11%
Passeport pour le monde Amérique du Nord
11%
Junior | Junior 1993 | Junior 2ème édition Arts et lettres
11%
Disney Baloo
11%
Suisse Culture générale
11%
Histoire de France | Histoire de France 2014 De la Renaissance au siècle des Lumières
11%
TV (I et II) Derrière l'écran
11%
20ème anniversaire | Nos années 1980 | Nos années 90 En musique
11%
TV (I et II) En série
11%
Passeport pour le monde Europe
11%
Baby Boomer Faits divers
11%
Passeport pour le monde France
11%
Humour Humoristes
11%
Astérix chez Rahazade | Disney 1999 | Disney 2005 | +5 others Il était une fois
11%
Arts | Histoire de France | Histoire de France 2014 Moyen-Age
11%
Astérix chez Rahazade | Famille | Famille 1999 | +6 others Planète Terre
11%
Disney Pluto
11%
Harry Potter volume 1 | Harry Potter volume 2 Poudlard
11%
Harry Potter édition ultimate Poudlard, lieux divers et moyens de transport
11%
Histoire de France Préhistoire-Antiquité
11%
Histoire de France 2014 Préhistoire & Antiquité
11%
Arts Renaissance
11%
Baby Boomer R.P.M
11%
Années 2000 Science et technologie
11%
Belgique, pays de la bière Surprise
11%
Cinéma en France | Femmes de France | Gastronomie | +7 others Surprises
11%
Star Wars Technologie
11%
TV (I et II) Télé-cinéma
11%
Belgique, pays de la bière Type de bière
11%
TV (I et II) Zapping
11%
Nos années 1980 | Nos années 90 Actualités
5%
20ème anniversaire A l'écran
5%
Coupe du monde 1998 Allez France
5%
Sport en France Aquatique
5%
Passeport pour le monde Asie & Océanie
5%
Astérix chez Rahazade Astérix chez Rahazade
5%
Coupe du monde 1998 | Kids | Kids 2001 | Kids McDonalds Autour du monde
5%
Coupe du monde 1998 Autour du stade
5%
Kids | Kids 2001 | Kids McDonalds C'est déjà demain
5%
Millenium Champions
5%
Love Couples
5%
Vins | Vins 2009 Histoire du vin
5%
Café Histoire & légende
5%
Culture et communication Jargon
5%
Nos années 1980 La vie des années 80
5%
Baby Boomer Lectures
5%
Coupe du monde 1998 L'histoire du football
5%
Café Marque
5%
Baby Boomer Modes et médias
5%
Kids | Kids 2001 | Kids McDonalds Nos ancêtres
5%
20ème anniversaire Notre époque
5%
Harry Potter volume 1 | Harry Potter volume 2 Objets magiques
5%
Maison Outils et bricolage
5%
Culture et communication Personnalités et stars
5%
Culture et communication Qui?
5%
Millenium Repères
5%
Junior | Junior 1993 | Junior 2ème édition Sports et jeux
5%
DVD Tendances
5%
Junior | Junior 1993 | Junior 2ème édition Terre et hommes
5%
Kids | Kids 2001 | Kids McDonalds Vive le sport
5%
Histoire de France | Histoire de France 2014 XIXème siècle
5%
Histoire de France | Histoire de France 2014 XXème siècle
5%
Vins Accords gourmets
0%
Décennie 2010-2020 Accros des écrans
0%
Passeport pour le monde Amérique latine
0%
Cinéma en France Années 60 et 70
0%
Arts Antiquité
0%
Arts Art contemporain
0%
Vins Arts et vins
0%
Arts Arts exotiques
0%
Cinéma en France Avant 1960
0%
Sport en France Balles et ballons
0%
Coupe du monde 1998 Banc de touche
0%
Décennie 2010-2020 Bulletin d'infos
0%
Café Café vert
0%
Walt Disney Ca se complique
0%
20ème anniversaire | Nos années 1980 | Nos années 90 C'est du sport
0%
Love Ciné-télé
0%
20ème anniversaire Culture & création
0%
Vins 2009 Culture et vin
0%
Belgique, pays de la bière Culture & Gastronomie
0%
Disney 1999 | Disney 2005 | Walt Disney | Walt Disney DVD Décors et accessoires
0%
Café Dégustation et consommation
0%
Star Wars Divers
0%
Star Wars Droides et créatures
0%
Culture et communication Entreprises et produits
0%
Sciences & Vie Espace
0%
Sciences & Vie Etres humains
0%
Belgique, pays de la bière Fabrication
0%
Sciences & Vie Geek & Technos
0%
Vins Géographie des vins
0%
Vins 2009 Géographie du vin
0%
Edition spéciale scoutisme Géographie scoute
0%
Horreur Gore/Perturbant
0%
Disney 1999 | Disney 2005 | Walt Disney | Walt Disney DVD Héros et héroines
0%
Maison Histoire de l'art et architecture
0%
Millenium Imaginaire
0%
Décennie 2010-2020 Jeux et sports
0%
Coupe du monde 1998 Joueurs et personnalités
0%
Harry Potter volume 1 | Harry Potter volume 2 La magie noire
0%
Disney 1999 | Disney 2005 | Walt Disney | Walt Disney DVD La ronde des personnages
0%
Nos années 90 La vie des année 80
0%
Disney 1999 | Disney 2005 | Walt Disney DVD Le monde magique de Disney
0%
Edition spéciale scoutisme Le saviez-vous?
0%
Vins Les crus
0%
Edition spéciale scoutisme Les scouts: fonctionnement
0%
Edition spéciale scoutisme Les scouts: histoire
0%
Décennie 2010-2020 Le tour du web
0%
Star Wars Lieux et décors
0%
Maison Maison et décoration
0%
Harry Potter édition ultimate Maison Serpentard, Mangemorts et magie noire
0%
Maison Marques et publicité
0%
Sciences & Vie Matière & Energie
0%
Horreur Monstre
0%
Sport en France Moteurs
0%
Maison Nature et jardins
0%
Love Nature et société
0%
TV (I et II) Noir & Blanc
0%
Harry Potter édition ultimate Objets et artefacts
0%
Horreur Paranormal
0%
Café Pays d'origine
0%
Maison Personnages et inventions
0%
Harry Potter volume 1 | Harry Potter volume 2 Personnages magiques
0%
Walt Disney Petits détails
0%
20ème anniversaire Planète innovation
0%
Décennie 2010-2020 Playlist
0%
Café Production
0%
Horreur Psychologie
0%
Millenium Quelle époque
0%
Star Wars Scènes et personnages
0%
Vins 2009 Science du vin
0%
Vins Sciences et vins
0%
Edition spéciale scoutisme Scoutisme dans le monde
0%
Edition spéciale scoutisme Scoutisme en Belgique
0%
Horreur Slasher
0%
Harry Potter édition ultimate Sorcières, sorciers, fantômes et Moldus
0%
Harry Potter édition ultimate Sorts, potions et magie
0%
Junior Spectacles
0%
Sport en France Sports individuels
0%
Millenium Succès
0%
Vins 2009 Terroirs et cépages
0%
Humour Théâtre
0%
Kids | Kids 2001 | Kids McDonalds Tous en scène
0%
Famille | Famille 1999 | Famille 2001 | Famille 2006 Vie et nature
0%
Arts XVIIIème siècle et XIXème siècle
0%
Aucun quiz correspondant
Distribution des résultats
% des personnes avec chaque résultat
Percentile par nombre de réponses
Votre historique - résultats
Vous n’avez pas pris ce quiz